000 00327nam a2200133Ia 4500
005 20251222144738.0
008 251222s9999||||xx |||||||||||||| ||spa||
020 _a987-538-052-0
082 _a372.45/C29
100 _aCaron, Bettina
245 0 _aNiƱos Promotores de Lectura
264 _bNovedades Educativas
942 _cLIB
999 _c18844
_d18844